00499 2200181 4500001002100000005001500021008004100036020002200077035001900099041000700118082000800125090001400133100001600147245005600163260004400219300003300263650002100296INLIS00000000000018420241224112130241224||||||||| | ||| |||| || |  a978-602-17769-0-2 0010-1224000184 aid0 a337 a337 SYA b0 aSyahrir Ika00aSubprime Mortgage Crisis: Mengguncang Ekonomi Dunia aJakartabNagakusuma Media Kreatifc2014 axvii, 336 hlm.: ilus.; 23 cm 0aIlmu-ilmu Sosial